00697nam a2200205Ia 4500008004100000020001900041082001700060100002100077245005000098250000800148260002800156300001300184500002400197650001500221700001900236942000700255952010600262952010600368999001700474230524s9999 xx 000 0 und d a97800199560295 a650.015bHAB aAdrian Haberberg 0aStrategic Management : Theory and Application aIST aNEW DELHIbOxfordc2008 aXXIV;804 aQuantity Number: 2 aManagement a Alison Rieple cBK 00104070aTATCLbTATCLcGENd2023-05-24l0o650.015 HABp37700r2023-05-24w2023-05-24yBKzMBA305A 00104070aTATCLbTATCLcGENd2023-05-24l0o650.015 HABp37701r2023-05-24w2023-05-24yBKzMBA305A c46745d46745